00842nam a22002177a 450000500170000001000150001702000260003203500140005803700130007208200110008524501460009626000450024227000630028730000350035070000190038570000190040470000200042394200250044399900190046895201370048720170413153143.0 aENG-117815 a9780199472055c750.00 aEN-101347 bDBAD/PUB a336.54 aIndia public finance and policy report 2016 :cedited by Jyotsna Jalan, Sugata Marjit [and] Sattwik Santrabfiscal issues and macro economy / c2016aNew DelhibOxford University Press aYMCA Library Building, 1 Jai Singh RoadbNew Delhie110001 c26cm(pbk) :axxxii,135p.bill. aJalan,Jyotsna  a Marjit,Sugata aSantra,Sattwik  cEN2ddch336.54mIND c138888d138888 001040718NFICaDBADbDBADd2017-04-13eDBAD/PUBg750.00l0o336.54 INDpEN-101347r2017-04-13 00:00:00t1v750.00w2017-04-13yEN